VII Encuentros BAEP [ (Record no. 86306)

MARC details
000 -LEADER
campo de control de longitud fija 00746nmm a2200205 4500
001 - NÚMERO DE CONTROL
campo de control 86306
003 - IDENTIFICADOR DE NÚMERO DE CONTROL
campo de control ES-MaACL
005 - FECHA Y HORA DE LA ÚLTIMA TRANSACCIÓN
campo de control 20230906175422.0
007 - CAMPO FIJO DE DESCRIPCIÓN FÍSICA--INFORMACIÓN GENERAL
campo de control de longitud fija t|
008 - DATOS DE LONGITUD FIJA--INFORMACIÓN GENERAL
campo de control de longitud fija 041223s1999 sp m | | 101 m spa d
080 ## - NÚMERO DE LA CLASIFICACIÓN DECIMAL UNIVERSAL
Número de la Clasificación Decimal Universal 026:7(063)
111 2# - ENTRADA PRINCIPAL--NOMBRE DE CONGRESO/REUNIÓN
Nombre de congreso/reunión o jurisdicción como elemento de entrada Encuentro de Bibliotecas de Arte de España y Portugal (
Número del congreso/reunión o número de parte o sección 7º.
Fecha del congreso o de la firma del tratado 1999.
Sede del congreso/Lugar de la reunión Madrid)
9 (RLIN) 618
245 10 - MENCIÓN DEL TÍTULO
Título VII Encuentros BAEP [
Medio Recurso electrónico]
Resto del título : [ponencias].
246 3# - FORMA VARIANTE DEL TITULO
Título propio/Titulo breve Encuentros BAEP
Resto del título : ponencias [
Medio Recurso electrónico]
260 ## - PUBLICACIÓN, DISTRIBUCIÓN, ETC.
Lugar de publicación, distribución, etc. [Santander] :
Nombre del editor, distribuidor, etc. Fundación Marcelino Botín,
Fecha de publicación, distribución, etc. 1999.
300 ## - DESCRIPCIÓN FÍSICA
Extensión 1 disco compacto (CD-ROM) ;
Dimensiones 12 cm.
650 14 - PUNTO DE ACCESO ADICIONAL DE MATERIA--TÉRMINO DE MATERIA
Término de materia o nombre geográfico como elemento de entrada Bibliotecas de arte-
Subdivisión de forma Congresos y asambleas.
9 (RLIN) 10542
710 2# - ENTRADA AGREGADA--NOMBRE DE ENTIDAD CORPORATIVA
Nombre de entidad corporativa o nombre de jurisdicción como elemento de entrada Fundación Marcelino Botín.
9 (RLIN) 4365
852 ## - LOCALIZACIÓN
Ubicación ES-MaACL
Número de control de estantería ROT 1/5/17
Holdings
Estatus retirado Estado de pérdida Fuente del sistema de clasificación o colocación Estado de daño No para préstamo Biblioteca de origen Biblioteca actual Ubicación en estantería Fecha de adquisición Total de préstamos Signatura topográfica completa Código de barras Visto por última vez Precio de reemplazo Tipo de ítem Koha
    Clasificación decimal universal     Biblioteca del Ateneo de Madrid Biblioteca del Ateneo de Madrid Depósito 17/01/2008   ROT 1/5/17 1090175 23/02/2023 23/02/2023 Archivo de ordenador en CD-ROM, CD o disquete